000 00740nam a22002297a 4500
003 UA-OsUOA
001 102376
007 ta
008 20130909b un ||||| |||| 00| 0 ukr d
100 _aГерасименко С.С.
700 _aГерасименко В.С.
090 _a330(477)
_bГ37
942 _cSA
040 _aUA-OsUOA
_bukr
_cUA-OsUOA
_dUA-OsUOA
245 _aСтатистична характеристика споживання продуктів харчування населенням України
300 _aС.28-33
955 _a0
041 _aukr
080 _a330(477)
773 0 _w102373
_tСтатистика України
_dК.
_d2013
_g2
650 7 _a330 Економіка взагалі
_2UDC
999 _c388602
_d388602